• 首页
  • 本馆介绍
  • 公告通知
  • 最新文献
  • 馆藏检索
  • 电子资源
  • 读者导购
  • 参考咨询
  • 我的图书馆
  • 登录
  • 详细信息显示
  • 放入我的书架
  • 预约/预借图书
  • 作者相关作品
  • 分类相关作品
  • 丛书相关作品
  • 出版社相关作品

书目信息

  • 表格格式
  • 工作单格式
  • 卡片格式
题名:
独特画派
    
 
作者: 肖东发, 主编 ;李丽红 编著
分册:  
出版信息: 北京   现代出版社  2019.1
页数: 164页
开本: 24cm
丛书名: 中华精神家园
单 册:
中图分类: J212.099
科图分类:
主题词: 中国画--画派--绘画研究--中国
电子资源:
ISBN: 978-7-5143-2468-6
000 01180nam 2200313 45
001 012001000567
005 20130909093738.0
010    @a978-7-5143-2468-6@dCNY40.00
099    @aCAL 012015163286
100    @a20151222d2015 em y0chiy0110 ea
101 0  @achi
102    @aCN@b110000
105    @aac z 000yy
106    @ar
200 1  @a独特画派@Adu te hua pai@e著名绘画流派与特色@f肖东发主编@g李丽红编著
210    @a北京@c现代出版社@d2019.1
215    @a164页@c图 (部分彩图), 肖像@d24cm
225 2  @a中华精神家园@Azhong hua jing shen jia yuan@i国风美术
300    @a其他题名:著名绘画流派与特色
330    @a本书共分为三个部分,介绍了中国著名的绘画流派及其各自特色,包括:野逸潇洒的徐家画派、雄壮刚劲的北方山水派、秀雅温柔的南方山水派、画风苍郁灵秀的松江派、描绘黄山景致的黄山派、独特画风的扬州画派、金陵八大家的金陵画派等。
461  0 @12001 @a中华精神家园
462  0 @12001 @a国风美术
517 1  @a著名绘画流派与特色
606 0  @a中国画@x画派@x绘画研究@y中国
690    @aJ212.099@v5
701  0 @a肖东发,@AXiao Dongfa@f1949-2016@4主编
702  0 @a李丽红@Ali li hong@4编著
801    @aCN@b江苏凤凰@c20211018
905    @b1340156-9@dJ212.099@e1203@f4
    
    独特画派:著名绘画流派与特色/肖东发主编/李丽红编著.-北京:现代出版社,2019.1
    164页:图 (部分彩图), 肖像;24cm.-(中华精神家园.国风美术)
    其他题名:著名绘画流派与特色
    
    ISBN 978-7-5143-2468-6:CNY40.00
    本书共分为三个部分,介绍了中国著名的绘画流派及其各自特色,包括:野逸潇洒的徐家画派、雄壮刚劲的北方山水派、秀雅温柔的南方山水派、画风苍郁灵秀的松江派、描绘黄山景致的黄山派、独特画风的扬州画派、金陵八大家的金陵画派等。
●
相关链接 在E读中查询图书 在五车中查询图书 在当当中查询图书 在豆瓣中查询图书


正题名:独特画派     索取号:J212.099/1203         预约/预借

序号 登录号 条形码 馆藏地/架位号 状态 备注
1 1340156   213401567   第一样本阅览室/ [索取号:J212.099/1203] 在馆    
2 1340157   213401576   第一借阅区/ [索取号:J212.099/1203] 在馆    
3 1340158   213401585   第一借阅区/ [索取号:J212.099/1203] 在馆    
4 1340159   213401594   第一借阅区/ [索取号:J212.099/1203] 在馆    
唐山师范学院图书馆 欢迎您!
大连网信软件有限公司© 版权所有